Starting with Jack Quiz Stats

 Plays Quiz not verified by Sporcle

Score 0/17 Timer 06:00
0 Plays Today
Hint % Correct
Who went with Jill up the hill?Jack
100%
Actor from the ShiningJack Nicholson
87.9%
Lottery big prizeJackpot
84.5%
Childrens ToyJack in the Box
81%
Power ToolJackhammer
81%
Fairy tale; traded cow for magic beansJack and the Beanstalk
81%
Worn in the winterJacket
77.6%
RobbedJacked
77.6%
Famous martial arts movies actorJackie Chan
74.1%
Hint % Correct
Unidentified Serial KillerJack the Ripper
67.2%
Type of DogJack Russell Terrier
65.5%
Wolf like AnimalJackal
60.3%
'The Golden Bear' (Golfer)Jack Nicklaus
60.3%
American ArtistJackson Pollock
29.3%
Music group from the 60's and 70'sJackson 5
27.6%
Singer/SongwriterJack Johnson
19%
Delicacy when made into chipsJackfruit
6.9%

You're not logged in!

Compare scores with friends on all Sporcle quizzes.
OR
Log In

Show Comments

Extras

Created Oct 17, 2010ReportNominate
Tags:jack, starting

Top Quizzes Today


Score Distribution

Your Account Isn't Verified!

In order to create a playlist on Sporcle, you need to verify the email address you used during registration. Go to your Sporcle Settings to finish the process.

Report this User

Report this user for behavior that violates our Community Guidelines.

Details: